01200nam a2200241Ia 4500003000900000008004100009020001800050040001600068080002600084111014500110245029200255250001200547260003700559300001500596490006300611650004100674650004900715700003400764700003500798942000700833999001500840952010300855IN-BaIIA211028s9999 xx 000 0 eng d a0-7923-0122-6 cIIA Library a523.942.3(082.2)bRUT aInternational Workshop of the OAC and NATO Advanced Research Workshop on Solar and Stellar GranulationcCapri, Italyd1988 June 21-25916189 0aSolar and stellar granulationbproceedings of third International workshop of the OAC and NATO advanced research workshop on solar and stellar granulation held in Capri, Italy, 21-25, June 1988cedited by Robert J. Rutten and Giuseppec Severino  a3rd ed. aDordrechtbKluwer Academicc1989 axxv, 661p. aNATO ASI Series C:Mathematical and physical sciences- v.26 aAstronomy and Astrophysics Thesaurus aSolar granulation Stellar granulation916190 aRutten, Robert J., ed.916191 aSeverino, Giuseppe, ed.916192 cBK c9604d9604 00104070aBANbBANcGENd0000-00-00l0o523.942.3(082.2)/ RUTp10514r2021-11-05w0000-00-00yBK